| 000 | 00497nam a2200169 i 4500 | ||
|---|---|---|---|
| 001 | 100959 | ||
| 003 | ES-MaACL | ||
| 005 | 20250716063249.0 | ||
| 007 | t| | ||
| 008 | 051010s1939 fr ||||1| fre d | ||
| 100 | 1 |
_aMauriac, François, _d1885-1970 _979251 |
|
| 245 | 1 | 4 |
_aLes chemins de la mer _b: roman / _cFrançois Mauriac. |
| 260 |
_aParis : _bBernard Grasset, _c1939. |
||
| 300 |
_a1 lám., 322 p. ; _c19 cm. |
||
| 852 |
_aES-MaACL _jC-4904 _bR.25627 |
||
| 999 |
_c100959 _d100959 |
||